03139cam a22003378i 450000100090000000300050000900500170001400800410003101000170007202000310008903500130012004000290013304200080016205000240017008200210019410000340021524501260024925000190037526300090039426400560040330000310045933600260049033700280051633800270054450400510057150503910062252016040101365000240261765000170264177601430265821828966CSPC20250903162247.0201203s2021 nyu b 001 0 eng  a 2020054742 a9780367540081q(paperback) a21828966 aDLCbengerdacDLCdCSPC apcc00aHD38.5b.R6334 202100a658.7bR545s2231 aRobertson, Peter W.,eauthor.10aSupply chain processes :bdeveloping competitive advantage through supply chain process excellence /cPeter W. Robertson. aFirst edition. a2106 1aAbingdon, Oxon ;aNew York, NY :bRoutledge,c2021. axviii, 162 pages ;c24 cm. atextbtxt2rdacontent aunmediatedbn2rdamedia avolumebnc2rdacarrier aIncludes bibliographical references and index.0 aIntroduction and context -- Seven key challenges confronting modern-day supply chains -- Setting an appropriate supply chain strategy -- Developing an elegant supply chain design -- Achieving supply chain execution excellence -- Recruiting, developing and enabling supply chain people -- Tackling supply chain sustainability head-on -- Preconditions for supply chain excellence success. a"Supply Chain Processes introduces readers to the view that genuine supply chain competitive advantage is achieved via supply chain excellence which in turn is underpinned by supply chain process excellence. The ultimate supply chain goal is to deliver the right product, of the right quality, in the right quantity, to the right place, at the right time and for the right cost. The author identifies four core supply chain processes - strategy, design, execution and people - to which the process improvement techniques explained can be applied to ensure superior supply chain performance. Key topics are addressed, including supply chain risk, resilience, sustainability, challenges confronting modern-day supply chains and developing an elegant supply chain design. Each chapter starts with a section that explores learning opportunities and is followed by detailed chapter content. Carefully explained examples are provided, as well as end of chapter case studies, review questions and written assignments. A full suite of teaching aids is also provided for lecturers and tutors. Providing both management expertise and technical skills, which are essential to decision-makers in the supply chain, this textbook should be essential reading for undergraduate and post-graduate students, working people or mature aged persons wanting to upgrade their qualifications, and operating supply chain leaders and supply chain professionals. Online resources include chapter-by-chapter PowerPoint slides, tutorial exercises, written assignments and a test bank of exam questions"--cProvided by publisher. 0aBusiness logistics. 0aCompetition.08iOnline version:aRobertson, Peter W.,tSupply chain processesb1.dNew York City : Routledge Books, 2021.z9781003084037w(DLC) 2020054743